000
00317nam a2200145Ia 4500
008
240112s2014 xx 000 0 und d
022
_a
195863
041
_a
eng
082
_a
612.05
100
_a
MARALI S
245
_a
INDIAN MEDICAL GAZETTE
260
_b
IMG
_c
2014
300
_a
237-476
440
_v
CXLVII
999
_c
1144386
_d
1144386